[Event "Heusenstamm Sparkassen op-B 6th"]
[Site "Heusenstamm"]
[Date "2019.11.24"]
[Round "6"]
[White "Follert, Christian"]
[Black "Welther, Patrick"]
[Result "0-1"]
[WhiteElo "1392"]
[BlackElo "1586"]
[PlyCount "86"]
[EventDate "2019.11.21"]
[EventType "swiss"]
[EventRounds "7"]
[EventCountry "GER"]
[SourceTitle "CBM 194 Extra"]
[Source "ChessBase"]
[SourceDate "2020.03.31"]
[SourceVersion "1"]
[SourceVersionDate "2020.03.31"]
[SourceQuality "1"]

1. d4 Nf6 2. Bf4 g6 3. e3 Bg7 4. Be2 d6 5. h3 0-0 6. Nf3 c5 7. c3 cxd4 8. cxd4 Qb6 9. b3 Nd5 10. Bh2 Bf5 11. Bc4 Nb4 12. Na3 d5 13. 0-0 dxc4 14. Nxc4 Qa6 15. a3 N4c6 16. Nfe5 Nxe5 17. Bxe5 b5 18. Bxg7 Kxg7 19. g4 bxc4 20. gxf5 cxb3 21. Qxb3 gxf5 22. Kh1 Kh8 23. Qd5 Qc6 24. Qxc6 Nxc6 25. Rab1 Rab8 26. Rxb8 Rxb8 27. Rc1 Nd8 28. Rc7 Rb7 29. Rc8 Rd7 30. Kg2 Kg7 31. Kf3 Kf6 32. h4 e6 33. a4 Ke7 34. Rc4 Kd6 35. Rc1 f6 36. Rg1 Nf7 37. a5 Kc6 38. Rc1+ Kb7 39. a6+ Kb6 40. Ke2 Rc7 41. Ra1 Nd6 42. h5 Ne4 43. Kf3 Rc2 0-1

[Event "Heusenstamm Sparkassen op-B 6th"]
[Site "Heusenstamm"]
[Date "2019.11.23"]
[Round "4"]
[White "Follert, Christian"]
[Black "Lochmann, Tobias"]
[Result "1-0"]
[WhiteElo "1392"]
[BlackElo "1158"]
[PlyCount "71"]
[EventDate "2019.11.21"]
[EventType "swiss"]
[EventRounds "7"]
[EventCountry "GER"]
[SourceTitle "CBM 194 Extra"]
[Source "ChessBase"]
[SourceDate "2020.03.31"]
[SourceVersion "1"]
[SourceVersionDate "2020.03.31"]
[SourceQuality "1"]

1. d4 g6 2. Bf4 Bg7 3. e3 Nf6 4. Be2 d5 5. Nd2 0-0 6. h3 Nc6 7. Ngf3 Bf5 8. c3 Ne4 9. Nxe4 Bxe4 10. 0-0 Na5 11. b3 c6 12. Bh2 b6 13. a3 c5 14. Be5 f6 15. Bg3 cxd4 16. cxd4 Bf5 17. Bd3 e5 18. dxe5 Be6 19. exf6 Bxf6 20. Nd4 Bd7 21. Rb1 Nc6 22. Nb5 d4 23. Bc4+ Kh8 24. Nxd4 Nxd4 25. exd4 Bf5 26. Rc1 Bd7 27. Re1 b5 28. Bd5 Rb8 29. Bxb8 Qxb8 30. Be6 Bxe6 31. Rxe6 Bg5 32. Rcc6 Bf4 33. d5 Bh2+ 34. Kf1 Qf4 35. Qe2 Qc1+ 36. Rxc1 1-0

[Event "Main Vogelsberg op 8th"]
[Site "Hanau"]
[Date "2013.05.31"]
[Round "3"]
[White "Follert, Christian"]
[Black "Scholz, Michael"]
[Result "0-1"]
[WhiteElo "1256"]
[BlackElo "1708"]
[PlyCount "64"]
[EventDate "2013.05.30"]
[EventType "swiss"]
[EventRounds "7"]
[EventCountry "GER"]
[SourceTitle "EXT 2014"]
[Source "ChessBase"]
[SourceDate "2013.11.20"]
[SourceVersion "1"]
[SourceVersionDate "2013.11.20"]
[SourceQuality "1"]

1. e4 d5 2. e5 c5 3. d4 Nc6 4. Bb5 Bd7 5. Bxc6 Bxc6 6. c3 cxd4 7. cxd4 Qb6 8. Nf3 e6 9. 0-0 Bb5 10. Re1 Rc8 11. a4 Bc4 12. Nbd2 Bb4 13. b3 Bd3 14. Bb2 Ne7 15. Re3 Bc2 16. Qe2 Nf5 17. Ng5 0-0 18. Rh3 Nxd4 19. Qg4 Bxd2 20. Nxh7 Bxh7 21. Qh5 Bh6 22. Bxd4 Qxd4 23. Rd1 Qxd1+ 24. Qxd1 Rc1 25. Qxc1 Bxc1 26. Rc3 Bb2 27. Rc7 Bxe5 28. Rxb7 Rc8 29. g3 Be4 30. Kf1 Bf3 31. Ke1 Bc3+ 32. Kf1 Ba5 0-1

[Event "Hessen-chB"]
[Site "Offenbach"]
[Date "2012.04.05"]
[Round "3"]
[White "Follert, Christian"]
[Black "Peschk, Kathrin"]
[Result "1-0"]
[WhiteElo "1236"]
[BlackElo "885"]
[PlyCount "73"]
[EventDate "2012.04.05"]
[EventType "swiss"]
[EventRounds "7"]
[EventCountry "GER"]
[SourceTitle "EXT 2013"]
[Source "ChessBase"]
[SourceDate "2012.11.22"]
[SourceVersion "1"]
[SourceVersionDate "2012.11.22"]
[SourceQuality "1"]

1. e4 e5 2. Nf3 Nc6 3. Bc4 Bc5 4. d3 Nf6 5. 0-0 0-0 6. Bg5 d6 7. h3 Be6 8. Na3 a6 9. Bxe6 fxe6 10. Nc4 b5 11. Ne3 Bxe3 12. fxe3 d5 13. exd5 exd5 14. c3 Qe8 15. Bxf6 Rxf6 16. Ng5 Rxf1+ 17. Qxf1 Qe7 18. Qf5 g6 19. Qe6+ Qxe6 20. Nxe6 Rc8 21. Rf1 Ne7 22. Nc5 a5 23. g4 c6 24. h4 h5 25. gxh5 gxh5 26. Rf2 Kh7 27. Rf7+ Kh8 28. Rxe7 Rg8+ 29. Kf2 Rf8+ 30. Ke2 Rg8 31. Rxe5 Rg2+ 32. Kf3 Rg6 33. Rxh5+ Kg7 34. Rg5 Kh6 35. Rxg6+ Kxg6 36. Kg4 Kh6 37. e4 1-0